000 01378nam a22002177a 4500
999 _c22031
_d22031
003 AR-CdUCM
008 190425b ||||| |||| 00| 0 spa d
040 _aMUNICIPALIDAD PROVINCIAL DEL CUSCO
_cBIBLIOTECA MUNICIPAL DEL CUSCO
082 _aRev.DIO/N°8-9/1937
245 _aRevista diocesana /
260 _aCusco :
_bTalleres Cusco Imperial,
_c1937.
300 _a130-190 páginas. :
_c20 cm.
440 _aRevista Diocesana.
_nAño II, N°8-9. 1937
_947206
505 _aContenido: Instrucción pastoral del Episcopado peruano sobre la vida litúrgica. -- Desviación de la clase alta en el Cusco. -- Carta enciclica divini redemptoris, de su santidad Pio XI contra el comunismo y sobre la instauración del orden social. -- Exhortación pastoral con motivo de la festividad del Corpus. -- Ejecución de la bula señor Valverde. -- Señor Don Manuel María Guillén benefactor de la Diócesis del Cuzco y fundador del colegio San José. -- Copia simple de la escritura de la fundación del colegio de San José que hace el señor don Manuel María Guillén García de los Ríos. -- Colecta de limosnas para tierra Santa en 1937. -- Colecta de limosnas para obras pías en 1937....
650 _aDiócesis del Cusco
_946738
650 _aCatolicismo
_92175
650 _aCatecismo
_924778
700 _aRecharte, José Ángel
_946739
942 _2ddc
_cPP
945 _arac